| 000 | 00412nam a2200133Ia 4500 | ||
|---|---|---|---|
| 008 | 170516s9999 xx 000 0 und d | ||
| 245 | _aIn Vivo Visualization of Tumor Antigen-containing Microparticles Generated in Fluorescent-protein-elicited Immunity | ||
| 260 | _bTheranostics | ||
| 260 | _c2016 | ||
| 300 | _a6:9 | ||
| 650 | _xMedical Technology | ||
| 650 | _xMedtech | ||
| 856 | _uhttp://www.thno.org/v6i9 | ||
| 999 |
_c330376 _d330376 |
||